000 00383nam a2200133Ia 4500
005 20251222153618.0
008 251222s9999||||xx |||||||||||||| ||spa||
020 _a978-607-32-0252-7
082 _a658.15/E34/Ej.2
100 _a"Eiteman, David K.Stonehill, Arthur, L.Moffett, Michael H."
245 0 _aLas finanzas en las empresas multinacionales
250 _a2a.ed.
942 _cLIB
999 _c31891
_d31891